Score 0/10 Timer 03:00
1 Play Today
Question Answer Wrong Answers
What month is Christmas in? December
99.3%
January
0.2%
February
0.2%
March
0.2%
Which of these countries has Martin Luther King Jr. Day as a national holiday? USA
92.1%
France
0.7%
Finland
0.5%
Kyrgyzstan
0.5%
Which historical event is commemorated by Bastille Day? French Revolution
82.6%
World War I
3.5%
Hundred Year's War
2.2%
Death of Napoleon
3.2%
Which of Santa's reindeer has a name that rhymes with another reindeer's name? Dancer
77.1%
Dasher
7.7%
Rudolph
2.4%
Cupid
1.7%
Eid al Adha is celebrated by which religion? Islam
73.4%
Christianity
0.7%
Sikhism
7.3%
Hinduism
11.3%
Pi day is on which day in March? 14th
72.4%
22nd
3.7%
7th
4.8%
13th
9.5%
Guy Fawkes Night is an annual commemoration of a plot to blow up what? House of Lords
51.3%
Big Ben
8%
London Bridge
17%
Westminster Abbey
11.4%
What year was Earth Day first celebrated? 1970
40.7%
1980
20.9%
1990
15.6%
2000
11.4%
What is the national day of Wales? St David's Day
35.1%
St George's Day
32%
St Patrick's Day
9.2%
St Swithin's Day
13.2%
Which month of the Jewish calendar does Passover fall in? Nissan
28.2%
Tishrei
14.6%
Sivan
19%
Adar
26.2%
Remove Ads.
Support Sporcle.
Get the best of Sporcle when you Go Orange. This ad-free experience offers more features, more stats, and more fun while also helping to support Sporcle. Thank you for becoming a member.

You're not logged in!

Compare scores with friends on all Sporcle quizzes.
OR
Log In

Sporcle TV

Today on Sporcle TV


Watch our educational content, quiz creation guides, and fun videos on Sporcle TV.

Show Comments

Extras

Top Quizzes Today


Score Distribution

Paid Content

Your Account Isn't Verified!

In order to create a playlist on Sporcle, you need to verify the email address you used during registration. Go to your Sporcle Settings to finish the process.

Report this User

Report this user for behavior that violates our Community Guidelines.

Details: